000 00553cam a2200217ua 4500
001 11034
008 190802n ii |||gr||||Z||||||eng
020 _a9780140447941
040 _cMAIN
041 _aeng
082 _a880
245 _aHomer : The Iliad
_cEdited by Peter Jones
260 _aNew Delhi:
_bPenguin,
_c2003.
300 _a474p.
653 _aHellenic literatures classical Greek
653 _aGreek literature
700 _aPeter Jones,
_eEditor.
700 _aEV Rieu,
_eTranslator.
700 _aDCH Rieu,
_eRevisor.
942 _cBK
999 _c9940
_d9940